[Event "Titled Tue 3rd Jun Early"]
[Site "chess.com INT"]
[Date "2025.06.03"]
[Round "1"]
[White "Gabrielian, Artur"]
[Black "Reprintsev, Alexander"]
[Result "1/2-1/2"]
[WhiteTitle "GM"]
[BlackTitle "IM"]
[WhiteElo "2419"]
[BlackElo "2256"]
[WhiteFideId "4131002"]
[BlackFideId "14100541"]
[EventDate "2025.06.03"]

1. Nf3 Nc6 2. e4 e5 3. Bc4 Nf6 4. d3 h6 5. O-O g6 6. d4 Nxe4 7. dxe5 d5 8. Bxd5
Bf5 9. g4 Nb4 10. Bxb7 Qxd1 11. Rxd1 Rb8 12. gxf5 Rxb7 13. Na3 Bc5 14. c3 Nc6
15. fxg6 Nxf2 16. gxf7+ Kxf7 17. Rd5 Ne4+ 18. Kf1 Ke6 19. Rd3 Rf8 20. Bxh6 Rf5
21. Nc4 Rh5 22. Be3 Bxe3 23. Rxe3 Ng5 24. Nxg5+ Rxg5 25. Rg3 Rf5+ 26. Ke2 Na5
27. Nxa5 Rxe5+ 28. Kd3 Rxa5 29. Re1+ Kd6 30. Rg6+ Kd7 31. Rg7+ Kd6 32. Rge7 Rxb2
33. R1e6+ Kc5 34. Re5+ Kb6 35. Rxa5 Kxa5 36. Rxc7 Kb6 37. Rh7 Rxa2 38. h4 a5 39.
h5 a4 40. Kc4 Rh2 41. Kb4 Rh4+ 42. c4 a3 43. Rh6+ Kb7 44. Rh7+ Kb6 45. Rh8 a2
46. Ra8 Rxh5 47. Rxa2 Kc7 48. Ra7+ Kb6 49. Rg7 Kc6 50. Rg6+ Kc7 51. Kc3 Kb7 52.
Kb4 Kc7 53. Rg8 Kb7 54. Rg7+ Kc6 55. Rg4 Kc7 56. c5 Rh1 57. Rg7+ Kc6 58. Rg6+
Kc7 59. Rg7+ Kc6 60. Rg6+ Kc7 61. Kb5 Rb1+ 62. Kc4 Rc1+ 63. Kd5 Rd1+ 64. Ke4 Rc1
65. Kd4 Rd1+ 66. Ke3 Rc1 67. Rg5 Kc6 68. Kd4 Rd1+ 69. Kc4 Rc1+ 70. Kb4 Rb1+ 71.
Ka3 Rb5 72. Ka4 Rxc5 73. Rxc5+ Kxc5 1/2-1/2

[Event "Titled Tue 3rd Jun Early"]
[Site "chess.com INT"]
[Date "2025.06.03"]
[Round "1"]
[White "Shukhman, Anna"]
[Black "Smieszek, Wojciech"]
[Result "1/2-1/2"]
[WhiteTitle "WGM"]
[BlackTitle "CM"]
[WhiteElo "2413"]
[BlackElo "2141"]
[WhiteFideId "54180058"]
[BlackFideId "1156047"]
[EventDate "2025.06.03"]

1. e4 Nf6 2. e5 Nd5 3. d4 Nb6 4. c4 d6 5. f4 dxe5 6. fxe5 e6 7. Nc3 c5 8. d5 Na6
9. Nf3 h6 10. a3 g5 11. Ne4 Be7 12. d6 f5 13. Nc3 Bf8 14. h3 Bg7 15. Bd3 Bd7 16.
Qe2 Bc6 17. O-O Qd7 18. Bd2 Rg8 19. Nb5 O-O-O 20. Nxa7+ Kb8 21. Nxc6+ Qxc6 22.
b4 g4 23. hxg4 fxg4 24. b5 gxf3 25. Rxf3 Qe8 26. bxa6 Qh5 27. Re3 Qxe2 28. Bxe2
Rxd6 29. exd6 Bxa1 30. Re5 Re8 31. Rh5 Bg7 32. Bxh6 Bd4+ 33. Kf1 bxa6 34. Bf4 e5
35. Bg3 Kb7 36. Rh7+ Kc6 37. Bf3+ e4 38. d7 Nxd7 39. Bh5 Rf8+ 40. Ke2 Ne5 41.
Rh6+ Kb7 42. Re6 Nxc4 43. Rxe4 Nxa3 44. Re7+ Kb6 45. Bf3 Kb5 46. Rb7+ Kc4 47.
Kd2 Re8 48. Be2+ Kd5 49. Bf3+ Kc4 50. Rb1 Nxb1+ 51. Kc2 Nc3 52. Bc7 Rc8 53. Ba5
Nb5 54. Bg4 Re8 55. Bh5 Re5 56. Bf7+ Rd5 57. g4 Be3 58. Bxd5+ Kxd5 59. Kd3 Bg5
60. Bd2 c4+ 61. Kc2 Kd4 62. Bxg5 Na3+ 63. Kb2 Nb5 64. Bf6+ Ke4 65. g5 Kf5 66.
Kc2 a5 67. Kb2 a4 68. Kc2 a3 69. Bd8 a2 70. Kb2 Nd4 71. Kxa2 Ne6 72. Bf6 Nxg5
73. Bxg5 Kxg5 74. Kb2 Kf5 75. Kc3 Ke5 76. Kxc4 1/2-1/2

[Event "Titled Tue 3rd Jun Early"]
[Site "chess.com INT"]
[Date "2025.06.03"]
[Round "1"]
[White "Mendonca, Leon Luke"]
[Black "Karpenko, Anton"]
[Result "1/2-1/2"]
[WhiteTitle "GM"]
[BlackTitle "CM"]
[WhiteElo "2630"]
[BlackElo "2218"]
[WhiteFideId "35028561"]
[BlackFideId "34374353"]
[EventDate "2025.06.03"]

1. a3 Nf6 2. b4 g6 3. Bb2 Bg7 4. Nf3 O-O 5. e3 d6 6. d4 Nbd7 7. c4 a5 8. b5 b6
9. Nc3 Bb7 10. Be2 Re8 11. O-O e5 12. Qc2 Qe7 13. Rad1 Rac8 14. Rfe1 e4 15. Nd2
h5 16. Na4 c5 17. bxc6 Bxc6 18. Qb3 Rb8 19. Rb1 h4 20. h3 d5 21. cxd5 Nxd5 22.
Rec1 Qe6 23. Bb5 Ba8 24. Rc7 Nxc7 25. Qxe6 Rxe6 26. Bxd7 Rd6 27. Bg4 b5 28. Nc5
f5 29. Be2 Bd5 30. Bc3 b4 31. axb4 axb4 32. Rxb4 Rxb4 33. Bxb4 Rb6 34. Ba5 Rb2
35. Bxc7 Rxd2 36. Ba6 Bf8 37. Be5 Kf7 38. Bc8 Rd1+ 39. Kh2 Rc1 40. Bd7 Bxc5 41.
dxc5 Rxc5 42. Bd4 Rc2 43. Kg1 Rc1+ 44. Kh2 Rf1 45. Bb6 Rxf2 46. Bd8 Re2 47. Bg5
Be6 48. Bb5 Rb2 49. Bf1 Rc2 50. Bb5 Bc4 51. Ba4 Ra2 52. Bc6 Rd2 53. Kg1 Rd1+ 54.
Kh2 Bf1 55. Bxh4 Rd2 56. Kg3 Rxg2+ 57. Kf4 Ke6 58. Be8 Be2 59. Bd8 Bh5 60. Bb5
Rf2+ 61. Kg5 Rf3 62. Bc4+ Kd7 63. Bb6 Rxh3 64. Bd4 Rg3+ 65. Kf4 Rg4+ 66. Ke5 Rg3
67. Be6+ Kc6 68. Bd5+ Kb5 69. Kf4 Rg2 70. Ke5 Kb4 71. Kf4 Rd2 72. Ke5 Re2 73.
Kf4 Rf2+ 74. Ke5 g5 75. Be6 Bg6 76. Kf6 Bh7 77. Kxg5 Rf3 78. Bd5 Kb5 79. Kh6
Rh3+ 80. Kg5 Rf3 81. Kh6 Rh3+ 82. Kg5 Rf3 1/2-1/2

[Event "Titled Tue 3rd Jun Early"]
[Site "chess.com INT"]
[Date "2025.06.03"]
[Round "1"]
[White "Tan, Jun Hao"]
[Black "Kim, Sergey"]
[Result "0-1"]
[WhiteTitle "CM"]
[BlackTitle "FM"]
[WhiteElo "1946"]
[BlackElo "2295"]
[WhiteFideId "5805678"]
[BlackFideId "13700570"]
[EventDate "2025.06.03"]

1. d4 Nf6 2. c4 g6 3. Nc3 Bg7 4. e4 d6 5. f3 O-O 6. Nge2 Nc6 7. Be3 a6 8. d5 Ne5
9. Ng3 c5 10. Be2 e6 11. a4 exd5 12. cxd5 Re8 13. O-O Rb8 14. h3 Ned7 15. Qd2
Qa5 16. Rfc1 Qb4 17. a5 b5 18. axb6 Qxb6 19. Na4 Qb4 20. Qxb4 Rxb4 21. Bd2 Rb8
22. Bc3 Bh6 23. Rc2 Bf4 24. Nf1 Nh5 25. Kf2 Be5 26. g3 Nhf6 27. Ne3 h5 28. Nc4
Bxc3 29. Nxc3 Ne5 30. Nxd6 Rd8 31. Nxc8 Rdxc8 32. Bxa6 Ra8 33. f4 Nd3+ 34. Ke3
Nb4 35. Bxc8 Nxc2+ 36. Kd2 Nxa1 37. Bb7 Rb8 38. Bc6 Rxb2+ 39. Kd3 Nc2 40. Bb5
Nd4 41. Bc4 Nd7 42. e5 Nb6 43. d6 Kf8 44. Nd5 Nc6 45. Nxb6 Rxb6 46. Ke4 Nb4 47.
g4 h4 48. f5 Rb8 49. e6 Nc6 50. Kd5 Ne7+ 51. dxe7+ Kxe7 52. exf7 gxf5 53. gxf5
Kxf7 54. Kxc5+ Kf6 55. Be2 Kxf5 56. Bg4+ Kf4 57. Kd4 Re8 58. Kd3 Kg3 59. Bf5 Re5
60. Bg4 Kf4 61. Kd2 Rg5 62. Bd7 Kf3 63. Ke1 Rg1+ 64. Kd2 Kg3 65. Bg4 Rh1 66. Ke2
Rh2+ 67. Kf1 Rf2+ 68. Ke1 Rf4 69. Be6 Kf3 70. Bg4+ Ke3 71. Kd1 Rxg4 72. hxg4 h3
73. Ke1 h2 0-1

[Event "Titled Tue 3rd Jun Early"]
[Site "chess.com INT"]
[Date "2025.06.03"]
[Round "1"]
[White "Salimova, Asal"]
[Black "Manvelyan, Mikayel"]
[Result "0-1"]
[WhiteTitle "WCM"]
[BlackTitle "FM"]
[WhiteElo "2003"]
[BlackElo "2362"]
[WhiteFideId "14204940"]
[BlackFideId "13310143"]
[EventDate "2025.06.03"]

1. d4 d5 2. c4 e6 3. g3 Nf6 4. Bg2 Be7 5. Nf3 O-O 6. O-O dxc4 7. Qc2 a6 8. a4
Bd7 9. Ne5 Bc6 10. Qxc4 Bxg2 11. Kxg2 Nbd7 12. Nc3 Nb6 13. Qd3 Nbd5 14. e4 Nb4
15. Qd1 c5 16. Be3 cxd4 17. Bxd4 Rc8 18. a5 Nc2 19. Bb6 Qd6 20. Qxc2 Qxe5 21.
Rae1 Bb4 22. f4 Qb5 23. Qb3 Bxc3 24. Qxb5 axb5 25. bxc3 Rxc3 26. Rf3 Rc4 27. e5
Nd5 28. Rb3 b4 29. Kf3 Rfc8 30. h4 h5 31. Reb1 Rc3+ 32. Ke4 Rxb3 33. Rxb3 Rc4+
34. Kd3 Rc6 35. Bd4 Kf8 36. Ke4 g6 37. Rb1 Ke8 38. Rg1 Kd7 39. g4 hxg4 40. Rxg4
Rc2 41. Rg1 Re2+ 42. Kd3 Rd2+ 43. Kxd2 Nxf4 44. Be3 Nd5 45. Rb1 Kc6 46. Kd3 Kb5
47. Bd4 Kxa5 48. Kc4 b5+ 49. Kd3 Ka4 50. Bc5 Ka3 51. Kd4 Ka2 52. Rg1 b3 53. Rg2+
b2 54. Rxb2+ Kxb2 55. Ke4 Kc2 56. Kf3 b4 57. Ke4 b3 58. Bd4 Nc3+ 59. Bxc3 Kxc3
60. Kf4 b2 61. Kg5 b1=Q 62. Kf6 Qf5+ 63. Kg7 Kd4 64. h5 gxh5 65. Kf8 h4 66. Ke7
h3 67. Kf8 h2 68. Ke7 Kxe5 69. Kf8 h1=Q 70. Ke7 Qd1 71. Kf8 Qg5 72. Ke8 Qdd8+
73. Kxf7 Qde7# 0-1

[Event "Titled Tue 3rd Jun Early"]
[Site "chess.com INT"]
[Date "2025.06.03"]
[Round "1"]
[White "Vingris, Mikelis"]
[Black "Gharibyan, Mamikon"]
[Result "0-1"]
[BlackTitle "GM"]
[WhiteElo "2102"]
[BlackElo "2472"]
[WhiteFideId "11611731"]
[BlackFideId "13308300"]
[EventDate "2025.06.03"]

1. e4 e5 2. Nf3 Nc6 3. Bb5 a6 4. Ba4 Nf6 5. d3 Bc5 6. O-O d6 7. c3 O-O 8. h3 h6
9. Nbd2 Ba7 10. Bb3 Ne7 11. Nc4 Ng6 12. Be3 Bxe3 13. fxe3 a5 14. a4 c6 15. Qe2
Re8 16. Ncd2 d5 17. exd5 cxd5 18. Qf2 Ra6 19. Nh4 Kh7 20. Nxg6 fxg6 21. Rad1 Rb6
22. Qg3 Nh5 23. Qe1 Qe7 24. Bxd5 Rxb2 25. Be4 Nf6 26. Rb1 Rxb1 27. Qxb1 Nxe4 28.
Nxe4 Bf5 29. Ng3 Bd7 30. Qb6 Bxa4 31. Qxa5 Bc6 32. Qa2 Qc5 33. Qd2 Rd8 34. Kh2
Bb5 35. Ne4 Qc7 36. c4 Bc6 37. Ng3 e4 38. d4 h5 39. h4 g5 40. Kh3 Bd7+ 41. Kh2
gxh4 42. Rf4 hxg3+ 43. Kg1 Bg4 44. Qe1 Ra8 45. Qxg3 Qe7 46. Kh2 Ra2 47. Rf2 Rxf2
48. Qxf2 Qd6+ 49. Kg1 Kg6 50. Qd2 Kf6 51. Qa5 Kf7 52. d5 Qg3 53. Qd2 h4 54. d6
Ke8 55. c5 Kd7 56. Qd5 Qe1+ 57. Kh2 Qg3+ 58. Kg1 Bf3 59. Qxb7+ Ke6 60. Qc8+ Kd5
61. Qf5+ Kc6 62. Qc8+ Kd5 63. Qf5+ Kc6 64. Qc8+ Kb5 65. Qb7+ Kxc5 66. Qc7+ Kd5
67. Qb7+ Kxd6 68. Qb6+ Ke7 69. Qc5+ Kf6 70. Qc6+ Kf7 71. Qd7+ Kg6 72. Qe6+ Kg5
73. Qe7+ Kh6 74. Qe6+ Qg6 75. Qh3 Qg4 76. Qh2 Qxg2+ 77. Qxg2 Bxg2 78. Kxg2 g5
79. Kh3 Kh5 80. Kh2 g4 81. Kg2 Kg5 82. Kh2 Kf5 83. Kg2 Ke5 84. Kf2 Kd5 85. Ke2
Kc4 86. Kd2 h3 87. Ke2 h2 88. Kf2 h1=Q 89. Ke2 Qf3+ 90. Kd2 Qf2+ 0-1

[Event "Titled Tue 3rd Jun Early"]
[Site "chess.com INT"]
[Date "2025.06.03"]
[Round "1"]
[White "Aradhya, Garg"]
[Black "Jasinski, Alexander"]
[Result "1-0"]
[WhiteTitle "IM"]
[WhiteElo "2383"]
[BlackElo "1964"]
[WhiteFideId "25006746"]
[BlackFideId "55627994"]
[EventDate "2025.06.03"]

1. d4 Nf6 2. c4 g6 3. g3 Bg7 4. Bg2 O-O 5. Nc3 d6 6. Nf3 Nc6 7. d5 Na5 8. b3 c5
9. Bb2 a6 10. O-O Rb8 11. a4 Bd7 12. Nd2 b5 13. cxb5 axb5 14. axb5 Bxb5 15. Ra3
c4 16. b4 Nb3 17. Nxb3 cxb3 18. Qxb3 Qb6 19. Nxb5 Qxb5 20. Bf3 Qxb4 21. Qxb4
Rxb4 22. Bc3 Rb5 23. Ra7 Nxd5 24. Bxg7 Kxg7 25. e4 Nf6 26. Rxe7 Re5 27. Rxe5
dxe5 28. Rb1 Rd8 29. Rb5 Re8 30. h4 h5 31. Kf1 Nd7 32. Be2 Nf8 33. Bc4 Kf6 34.
Rb6+ Ne6 35. Ke2 Rc8 36. Bd5 Rc2+ 37. Ke3 Rc3+ 38. Kd2 Ra3 39. Ke2 Ke7 40. Rb7+
Kf6 41. Rb6 Ke7 42. Bxe6 fxe6 43. Rb7+ Kf6 44. Rd7 Rb3 45. Rd3 Rb2+ 46. Kf3 Rb4
47. Rd8 Rb3+ 48. Kg2 Rb4 49. Rf8+ Ke7 50. Ra8 Rxe4 51. Ra7+ Kf6 52. Ra6 Rd4 53.
Kf3 Rd3+ 54. Ke4 Rd4+ 55. Ke3 Rc4 56. Rb6 e4 57. Rb5 e5 58. Rb8 Kf5 59. Rf8+ Ke6
60. Re8+ Kf6 61. Rf8+ Ke6 62. Rg8 Kf6 63. Ra8 Ke6 64. Ra7 Kf6 65. Ra6+ Kf5 66.
Ra8 Rc3+ 67. Ke2 e3 68. f3 Rc2+ 69. Kxe3 Rg2 70. Rf8+ Ke6 71. Rg8 Kf7 72. Ra8
Rxg3 73. Kf2 Rh3 74. Ra4 Rh1 75. Kg2 Rd1 76. Ra7+ Kf6 77. Ra6+ Kf5 78. Ra8 Kf4
79. Rf8+ Ke3 80. Re8 Rd5 81. Re6 Kf4 82. Rf6+ Ke3 83. Rxg6 Ke2 84. Re6 Kd3 85.
Kg3 Ra5 86. Rh6 e4 87. Rd6+ 1-0

[Event "Titled Tue 3rd Jun Early"]
[Site "chess.com INT"]
[Date "2025.06.03"]
[Round "1"]
[White "Shandrygin, Nikita"]
[Black "Di Benedetto, Guillermo"]
[Result "1-0"]
[WhiteTitle "FM"]
[BlackTitle "FM"]
[WhiteElo "2209"]
[BlackElo "2289"]
[WhiteFideId "24198668"]
[BlackFideId "111120"]
[EventDate "2025.06.03"]

1. Nf3 g6 2. d4 Bg7 3. g3 f5 4. Bg2 Nf6 5. O-O O-O 6. c4 d6 7. d5 Na6 8. Nd4 Qe8
9. Nc3 Bd7 10. b3 c5 11. dxc6 bxc6 12. Bb2 Rc8 13. e3 Nc5 14. Qc2 a5 15. Rad1 g5
16. f4 Qh5 17. h3 g4 18. h4 Qg6 19. Ba3 Nce4 20. Nxe4 Nxe4 21. Kh2 c5 22. Nb5
Bc6 23. Bb2 Bxb2 24. Qxb2 Qf6 25. Qc2 Bxb5 26. Bxe4 Bc6 27. Bxc6 Rxc6 28. Rd5 e6
29. Rd2 Rd8 30. e4 Qg6 31. Re1 fxe4 32. Qxe4 Qxe4 33. Rxe4 Kf7 34. Kg2 Rcc8 35.
Rf2 d5 36. Re5 dxc4 37. bxc4 Rd4 38. f5 exf5 39. Rexf5+ Kg8 40. Rg5+ Kh8 41. h5
Rxc4 42. h6 Rd8 43. Rd5 Rd4 44. Rxc5 Rd2 45. Rc2 Rxc2 46. Rxc2 Kg8 47. Rc7 Rd6
48. Rg7+ Kh8 49. Rxg4 Rxh6 50. Ra4 Ra6 51. Kf3 Kg8 52. Ke4 Kf7 53. Kd5 Kf6 54.
Kc5 Kg5 55. Kb5 Ra8 56. Rxa5 Rb8+ 57. Kc6+ Kg4 58. Ra3 h5 59. Kd5 Rb5+ 60. Kc4
Re5 61. Rb3 Re4+ 62. Kb5 Re5+ 63. Kc6 Re6+ 64. Kd5 Ra6 65. a3 Ra4 66. Kc5 Ra8
67. Kd5 Ra7 68. Kc4 Ra8 69. Kd5 Ra7 70. Kc6 Ra8 71. Kb7 Ra5 72. Kb6 Ra8 73. Rc3
Rb8+ 74. Ka5 Ra8+ 75. Kb4 Rb8+ 76. Ka4 Ra8+ 77. Kb3 Rb8+ 78. Kc2 Ra8 79. Kd2
Rd8+ 80. Ke2 Ra8 81. Kf2 Ra7 82. Rc4+ Kg5 83. a4 Ra6 84. Kf3 Rf6+ 85. Kg2 Ra6
86. Kh3 Ra7 87. Rc5+ Kg6 88. a5 Rb7 89. a6 Rb8 90. a7 Ra8 91. Ra5 Kh6 92. Kg2
Kg6 93. Kf3 Kf6 94. Kf4 Kg6 95. Ke5 Kg5 96. Ra4 Re8+ 97. Kd6 Ra8 98. Kc7 Rh8 99.
a8=Q 1-0

[Event "Titled Tue 3rd Jun Early"]
[Site "chess.com INT"]
[Date "2025.06.03"]
[Round "1"]
[White "Yanev, Tihomir"]
[Black "Weetik, Vjacheslav"]
[Result "0-1"]
[WhiteTitle "IM"]
[BlackTitle "FM"]
[WhiteElo "2354"]
[BlackElo "2423"]
[WhiteFideId "2910110"]
[BlackFideId "4153472"]
[EventDate "2025.06.03"]

1. e4 c6 2. d4 d5 3. e5 Bf5 4. h4 Qb6 5. g4 Bd7 6. Bg2 Nh6 7. g5 Nf5 8. Ne2 e6
9. c3 c5 10. Na3 cxd4 11. cxd4 Bb4+ 12. Kf1 Bxa3 13. bxa3 Bb5 14. Be3 Nc6 15.
Kg1 Bxe2 16. Qxe2 Ncxd4 17. Qd1 Nxe3 18. fxe3 Nf5 19. Rh3 O-O 20. Qd2 Rac8 21.
Rf1 Rc4 22. h5 Rg4 23. Kh2 Qc7 24. Qb2 Rxg5 25. e4 dxe4 26. Bxe4 f6 27. Bxf5
Rxf5 28. Rxf5 exf5 29. Re3 Re8 30. Kg2 fxe5 31. Qb5 Qc6+ 32. Qxc6 bxc6 33. Rd3
Kf7 34. Kf2 Ke6 35. Ke3 Rb8 36. Rc3 Rb6 37. a4 Kd6 38. Rd3+ Ke6 39. Rc3 g5 40.
a5 Ra6 41. h6 Kf6 42. Rc5 Ke6 43. Kf3 Kd6 44. Rc2 Rxa5 45. Rb2 Rb5 46. Rd2+ Ke6
47. Rc2 Kd7 48. Rd2+ Rd5 49. Rb2 Kc7 50. Rh2 Rd3+ 51. Ke2 Ra3 52. Rh5 Rxa2+ 53.
Kf1 Ra1+ 54. Kf2 Ra2+ 55. Kf1 Kd6 56. Rxg5 Rh2 57. Rxf5 Rxh6 58. Rf7 Kc5 59.
Rxa7 Kb4 60. Ke2 c5 61. Kd3 c4+ 62. Ke4 c3 63. Rb7+ Ka3 64. Kd3 Rh3+ 65. Kc2 e4
66. Re7 Re3 67. Rxh7 Kb4 68. Rb7+ Kc4 69. Rc7+ Kd4 70. Rd7+ Ke5 71. Rf7 Rf3 72.
Re7+ Kf4 73. Kd1 Re3 74. Kc2 Rf3 75. Kd1 Rd3+ 76. Kc2 Ke3 77. Re6 Rd2+ 78. Kxc3
Rd8 79. Kc2 Kf3 80. Rf6+ Ke2 81. Re6 Rc8+ 82. Kb2 e3 83. Re7 Kd2 84. Rd7+ Ke1
85. Re7 e2 86. Kb1 Rf8 87. Kc2 Kf1 88. Kd2 Rd8+ 89. Kc2 e1=Q 90. Rxe1+ Kxe1 91.
Kc3 Ke2 92. Kc4 Ke3 93. Kc5 Rd4 94. Kc6 Ke4 95. Kc5 Ke5 96. Kc6 Rd5 97. Kb6 Kd6
98. Kb7 Rb5+ 99. Ka6 Kc6 100. Ka7 Ra5+ 101. Kb8 Ra4 102. Kc8 Ra8# 0-1

[Event "Titled Tue 3rd Jun Early"]
[Site "chess.com INT"]
[Date "2025.06.03"]
[Round "1"]
[White "Haug, Havard"]
[Black "Gnechko, Ruslan"]
[Result "1-0"]
[WhiteTitle "FM"]
[WhiteElo "2354"]
[BlackElo "2132"]
[WhiteFideId "1547887"]
[BlackFideId "14135868"]
[EventDate "2025.06.03"]

1. e4 e6 2. d4 d5 3. exd5 exd5 4. Nc3 Bb4 5. Bd3 Nc6 6. Ne2 Nf6 7. Bg5 h6 8. Bf4
O-O 9. f3 Re8 10. Qd2 Nxd4 11. a3 Nxe2 12. Bxe2 Bxc3 13. bxc3 c6 14. O-O Bf5 15.
Bd3 Bxd3 16. cxd3 Qd7 17. Rfe1 Rxe1+ 18. Rxe1 Re8 19. Re5 Rxe5 20. Bxe5 Ne8 21.
Qe3 f6 22. Bg3 b6 23. h3 Kf7 24. Kh2 Qe6 25. Qf4 Qc8 26. c4 dxc4 27. dxc4 g5 28.
Qe4 Qe6 29. Qd4 Ng7 30. c5 Nf5 31. Qa4 Nxg3 32. Qxa7+ Kg6 33. Kxg3 Qe5+ 34. Kf2
Qxc5+ 35. Kf1 Qc4+ 36. Kf2 b5 37. Qe7 c5 38. Qe8+ Kg7 39. Qe7+ Kg6 40. Qe8+ Kg7
41. Qd7+ Kg6 42. g4 b4 43. axb4 cxb4 44. Qe8+ Kg7 45. Qe7+ Kg8 46. Qxf6 Qc2+ 47.
Kg3 Qc7+ 48. Kg2 Qc2+ 49. Kg3 Qc7+ 50. Kf2 Qc2+ 51. Ke3 Qb3+ 52. Ke4 Qc4+ 53.
Ke3 Qc5+ 54. Kd3 Qd5+ 55. Kc2 Qa2+ 56. Kc1 Qc4+ 57. Kb2 Kh7 58. Qf5+ Kg7 59.
Qe5+ Kh7 60. Qe7+ Kg8 61. Qe8+ Kg7 62. Qd7+ Kg8 63. Qd8+ Kg7 64. Qe7+ Kg8 65.
Qe8+ Kg7 66. Qe5+ Kg8 67. Qf5 Qc3+ 68. Kb1 Qb3+ 69. Ka1 Qa3+ 70. Kb1 Qb3+ 71.
Kc1 Qc3+ 72. Kd1 b3 73. Qe6+ Kf8 74. Qxh6+ Ke8 75. Qg6+ Kd7 76. Qf5+ Kc6 77.
Qe6+ Kb5 78. Qd7+ Kb4 79. Qe7+ Ka4 80. Qa7+ Qa5 81. Qd4+ Ka3 82. Qa1+ Kb4 83.
Qxa5+ Kxa5 84. Kc1 Kb4 85. Kb2 Kc4 86. h4 gxh4 87. g5 h3 88. g6 h2 89. g7 h1=Q
90. g8=Q+ Kd4 91. Qd8+ Ke3 92. Qb6+ Kf4 93. Qf6+ Kg3 94. Qg5+ Kf2 95. Qc5+ Kg3
96. Qe5+ Kf2 97. f4 Qd1 98. Qc5+ Kf3 99. Qh5+ 1-0

[Event "Titled Tue 3rd Jun Early"]
[Site "chess.com INT"]
[Date "2025.06.03"]
[Round "1"]
[White "Gbiorczyk, Mikolaj"]
[Black "Molina, Roberto Junio Brito"]
[Result "1/2-1/2"]
[WhiteTitle "CM"]
[BlackTitle "IM"]
[WhiteElo "2191"]
[BlackElo "2381"]
[WhiteFideId "21080763"]
[BlackFideId "2109450"]
[EventDate "2025.06.03"]

1. Nf3 d5 2. e3 Nf6 3. c4 c6 4. Nc3 a6 5. d4 Bf5 6. c5 Nbd7 7. Be2 h6 8. O-O e6
9. b4 Be7 10. Bb2 O-O 11. a4 Ne4 12. b5 axb5 13. axb5 e5 14. Qb3 Bg4 15. Rfd1
exd4 16. exd4 Bf6 17. h3 Bh5 18. Rxa8 Qxa8 19. Ra1 Qc8 20. bxc6 bxc6 21. Ra7
Bxf3 22. Bxf3 Nd2 23. Qd1 Nxf3+ 24. Qxf3 Qb8 25. Rxd7 Qxb2 26. Ne2 Re8 27. Ng3
Qxd4 28. Nf5 Qe5 29. g3 Qe1+ 30. Kg2 Qe4 31. Qxe4 Rxe4 32. Rd6 Re6 33. Rd7 h5
34. Nd6 Re7 35. Rd8+ Kh7 36. Ne8 Bd4 37. Kf3 Bxc5 38. Rc8 Bd4 39. Nc7 Be5 40.
Na6 Re6 41. Nb4 Rf6+ 42. Kg2 Bd4 43. f3 g5 44. Nxc6 Be3 45. Ne7 Ra6 46. Nxd5
Ra2+ 47. Kh1 Rf2 48. Nxe3 Rxf3 49. Ng2 Rxg3 50. Kh2 Rf3 51. Rc7 Kg6 52. Rc6+ f6
53. Ne1 Rf2+ 54. Kg1 Re2 55. Nf3 Re3 56. Kg2 g4 57. hxg4 hxg4 58. Nh2 Kg5 59.
Nxg4 Kxg4 60. Rxf6 Rg3+ 61. Kh2 Rd3 62. Rg6+ Kf5 63. Rg2 Kf4 64. Rf2+ Ke3 65.
Rg2 Rd8 66. Rg3+ Kf2 67. Rh3 Rg8 68. Rh7 Rf8 69. Kh3 Kf3 70. Kh4 Kf4 71. Kh5 Kf5
72. Kh4 Re8 73. Rf7+ Kg6 74. Rf4 Re1 75. Kg3 Re3+ 76. Rf3 Re5 77. Ra3 Kg5 78.
Kf3 Kf5 79. Ra4 Rc5 80. Rf4+ Ke5 81. Re4+ Kd5 82. Rf4 Rc3+ 83. Kg4 Ke5 84. Rf5+
Ke6 85. Rf4 Kd5 86. Rf5+ Ke4 87. Rf4+ Ke5 88. Rf5+ Ke6 89. Rf4 Rc1 90. Kf3 Kd5
91. Kg4 Ke5 92. Rf5+ Ke6 93. Rf4 Re1 94. Kf3 Ke5 95. Rg4 Ra1 96. Re4+ Kd5 97.
Rf4 Kd6 98. Rd4+ Ke5 99. Re4+ Kd5 100. Rf4 Rb1 101. Rf5+ Kd4 102. Rf4+ Kd3 103.
Kg4 Ke3 104. Rf3+ Kd4 105. Rf4+ Kd5 106. Rf5+ Ke6 107. Rf4 Rb8 108. Re4+ Kd5
109. Rf4 Ke5 110. Rf5+ 1/2-1/2

[Event "Titled Tue 3rd Jun Early"]
[Site "chess.com INT"]
[Date "2025.06.03"]
[Round "2"]
[White "Joseph Benher, Savio"]
[Black "Zhao, Erick"]
[Result "0-1"]
[BlackTitle "IM"]
[WhiteElo "2115"]
[BlackElo "2410"]
[WhiteFideId "2629453"]
[BlackFideId "30946930"]
[EventDate "2025.06.03"]

1. e4 c5 2. Nf3 e6 3. d4 cxd4 4. Nxd4 Nf6 5. Nc3 Nc6 6. Ndb5 Bb4 7. a3 Bxc3+ 8.
Nxc3 d5 9. exd5 exd5 10. Bb5 d4 11. Qe2+ Be6 12. Ne4 Nxe4 13. Qxe4 Qa5+ 0-1

[Event "Titled Tue 3rd Jun Early"]
[Site "chess.com INT"]
[Date "2025.06.03"]
[Round "2"]
[White "Laddha, Yash Jayesh"]
[Black "Khodzhamkuliev, Bahadur"]
[Result "0-1"]
[WhiteTitle "CM"]
[WhiteElo "2053"]
[BlackElo "2093"]
[WhiteFideId "30942780"]
[BlackFideId "24135046"]
[EventDate "2025.06.03"]

1. e4 d6 2. d4 Nf6 3. Nc3 Nc6 4. Nf3 Bg4 5. Be3 g6 6. Be2 Bg7 7. O-O O-O 8. Nd2
Bxe2 9. Qxe2 e5 10. dxe5 dxe5 11. Nc4 Nd4 12. Qd2 Ng4 13. Bg5 f6 14. Be3 Nxe3
15. Nxe3 Nf3+ 0-1

[Event "Titled Tue 3rd Jun Early"]
[Site "chess.com INT"]
[Date "2025.06.03"]
[Round "2"]
[White "Azizoglu, Ferzan"]
[Black "Rees, Ioan"]
[Result "0-1"]
[BlackTitle "FM"]
[WhiteElo "2055"]
[BlackElo "2288"]
[WhiteFideId "6302726"]
[BlackFideId "1801236"]
[EventDate "2025.06.03"]

1. e4 e5 2. Bc4 Nf6 3. d3 d5 4. exd5 Nxd5 5. Nf3 Nc6 6. O-O Nb6 7. Bb5 Bd6 8. h3
O-O 9. Bxc6 bxc6 10. Re1 Re8 11. Nc3 Bb7 12. Ne4 f5 13. Ng3 Qf6 14. c4 c5 15.
Bg5 Bxf3 0-1

[Event "Titled Tue 3rd Jun Early"]
[Site "chess.com INT"]
[Date "2025.06.03"]
[Round "2"]
[White "Asish Panda"]
[Black "Swara Lakshmi S Nair"]
[Result "1-0"]
[BlackTitle "WCM"]
[WhiteElo "1911"]
[BlackElo "2178"]
[WhiteFideId "45012458"]
[BlackFideId "25629239"]
[EventDate "2025.06.03"]

1. e4 c5 2. Nf3 d6 3. d4 cxd4 4. Qxd4 Nf6 5. e5 Nc6 6. Bb5 dxe5 7. Qxd8+ Kxd8 8.
Bxc6 bxc6 9. Nxe5 Be6 10. Nxc6+ Kc7 11. Nd4 Bd5 12. Bf4+ Kb7 13. O-O e6 14. Nc3
Bc5 15. Nb3 Bb6 16. Be5 a5 17. Bxf6 gxf6 18. Nxd5 exd5 19. Rad1 Rad8 20. Rfe1
Rhe8 21. Rxe8 Rxe8 22. Kf1 a4 23. Nd4 Re4 24. c3 h5 25. f3 Rf4 26. g3 1-0

[Event "Titled Tue 3rd Jun Early"]
[Site "chess.com INT"]
[Date "2025.06.03"]
[Round "2"]
[White "Shafer, Logan C"]
[Black "Levitan, Judah Nathan"]
[Result "1-0"]
[WhiteTitle "CM"]
[BlackTitle "CM"]
[WhiteElo "2291"]
[BlackElo "2127"]
[WhiteFideId "30993342"]
[BlackFideId "14332639"]
[EventDate "2025.06.03"]

1. e4 c5 2. Nf3 e6 3. c3 Nf6 4. e5 Nd5 5. d4 cxd4 6. cxd4 d6 7. Bc4 Be7 8. O-O
O-O 9. Qe2 Bd7 10. Nc3 Bc6 11. Bd2 Nd7 12. Rfe1 Rc8 13. Bd3 a6 14. Ne4 dxe5 15.
dxe5 Nc5 16. Nxc5 Bxc5 17. Bxh7+ Kxh7 18. Ng5+ Kg6 19. Qd3+ 1-0

[Event "Titled Tue 3rd Jun Early"]
[Site "chess.com INT"]
[Date "2025.06.03"]
[Round "2"]
[White "Vaganian, Rafael A"]
[Black "Kodithuwakku, K K Dinujaya"]
[Result "1-0"]
[WhiteTitle "GM"]
[BlackTitle "CM"]
[WhiteElo "2449"]
[BlackElo "2011"]
[WhiteFideId "13300016"]
[BlackFideId "9998845"]
[EventDate "2025.06.03"]

1. d4 d5 2. c4 e6 3. Nf3 Nf6 4. Nc3 Nbd7 5. Bg5 Bb4 6. e3 c5 7. cxd5 exd5 8. Bd3
Qa5 9. O-O c4 10. Bf5 Bxc3 11. bxc3 O-O 12. Qc2 h6 13. Bh4 g6 14. Bxg6 fxg6 15.
Qxg6+ Kh8 16. Qxh6+ Nh7 17. Ng5 Nf6 18. Nxh7 Nxh7 19. Bg3 Qb6 20. Be5+ Kg8 21.
Qg7# 1-0

[Event "Titled Tue 3rd Jun Early"]
[Site "chess.com INT"]
[Date "2025.06.03"]
[Round "2"]
[White "Bukreev, Stanislav"]
[Black "Carcamo, Matias"]
[Result "1-0"]
[WhiteTitle "FM"]
[WhiteElo "2328"]
[BlackElo "2077"]
[WhiteFideId "34252347"]
[BlackFideId "115541"]
[EventDate "2025.06.03"]

1. d4 d5 2. c4 Nf6 3. Nf3 c6 4. Nc3 Bg4 5. cxd5 cxd5 6. Qb3 Qb6 7. Nxd5 Nxd5 8.
Qxd5 Bxf3 9. exf3 Nc6 10. Bc4 e6 11. Qb5 Bb4+ 12. Ke2 Rd8 13. Rd1 O-O 14. Qxb6
axb6 15. Be3 Be7 16. a3 Bf6 17. d5 exd5 18. Bxd5 Bxb2 19. Ra2 Be5 20. Bxb6 Nd4+
21. Rxd4 Bxd4 22. Bxd8 Rxd8 23. Bxb7 Kf8 24. a4 Ba7 25. f4 Rd4 26. g3 h5 27. a5
h4 28. a6 Ra4 29. Rxa4 1-0